logo

Bir Sreshtho Munshi Abdur Rouf Library
Jhenaidah Cadet College

Human environments and natural systems / (Record no. 8331)

MARC details
000 -LEADER
fixed length control field 00862nam a2200301 a 4500
001 - CONTROL NUMBER
JCCL Control Number 8331
003 - CONTROL NUMBER IDENTIFIER
JCCL marc code BD-JhCC
005 - DATE AND TIME OF LATEST TRANSACTION
control field 20181006102500.0
008 - FIXED-LENGTH DATA ELEMENTS--GENERAL INFORMATION
fixed length control field 180222s1979 us a b 001 0 eng d
020 ## - INTERNATIONAL STANDARD BOOK NUMBER
International Standard Book Number 0878721681
035 ## - SYSTEM CONTROL NUMBER
system control number CURL 980078013082(LCo) from flycat5
040 ## - CATALOGING SOURCE
Original cataloging agency (BD-JhCC)8331
Modifying agency BD-JhCC
041 ## - LANGUAGE CODE
Language code of Book eng
050 #0 - LIBRARY OF CONGRESS CALL NUMBER
Classification number GF41
Item number G73 1979
082 ## - DEWEY DECIMAL CLASSIFICATION NUMBER
Author mark and Year GRE 1979
Classification number 301.31
100 1# - MAIN ENTRY--PERSONAL NAME
Personal name Greenwood, Ned H.,
Dates associated with a name 1932-
245 10 - TITLE STATEMENT
Title Human environments and natural systems /
Statement of responsibility, etc N. H. Greenwood, J. M. B. Edwards
250 ## - EDITION STATEMENT
Edition statement 2nd ed
260 ## - PUBLICATION, DISTRIBUTION, ETC. (IMPRINT)
Place of publication, distribution, etc North Scituate, Mass :
Name of publisher, distributor, etc Duxbury Press,
Date of publication, distribution, etc c1979
300 ## - PHYSICAL DESCRIPTION
Pagination xii, 548 p :
Other physical details ill ;
Dimensions 24 cm
504 ## - BIBLIOGRAPHY, ETC. NOTE
Bibliography, etc Includes biliographies and index
650 #0 - SUBJECT ADDED ENTRY--TOPICAL TERM
Topical term or geographic name as entry element Environmental protection
650 #0 - SUBJECT ADDED ENTRY--TOPICAL TERM
Topical term or geographic name as entry element Human ecology
650 #0 - SUBJECT ADDED ENTRY--TOPICAL TERM
Topical term or geographic name as entry element Land use
700 1# - ADDED ENTRY--PERSONAL NAME
Personal name Edwards, J. M. B.
942 ## - ADDED ENTRY ELEMENTS (KOHA)
Source of classification or shelving scheme Dewey Decimal Classification
Koha item type Books
Holdings
Source of classification or shelving scheme Damaged status Not for loan Home library Current library Shelving location Date of accession Total Checkouts Full call number Barcode Date last seen Copy number Koha item type
Dewey Decimal Classification     JCC Rouf Library JCC Rouf Library General Stacks 02/22/2018   301.31 GRE 1979 10886 02/22/2018 C-1 Books

JCC Library | Contacts | JCC Home

Last Update on 23 September 2017
Copyright @ 2017-2020 JCC Rouf Library
Rouf Library, Jhenidah Cadet College (JCC), Bangladesh